000 00314nam a2200133Ia 4500
008 220217s9999 xx 000 0 und d
245 0 _aRaw rubber in bales- Sampling.
260 _c1974
500 _aStandard number: ISO 1795
650 _a Bales
650 _a Raw rubber
650 _a Sampling
942 _cST
999 _c74042
_d74042